Państwa produkujące najwięcej orzechów arachidowych - Statystyki

Ogólne statystyki
  • Ten quiz został rozwiązany 13 razy
  • Średni wynik to 11 z 15
Statystyki odpowiedzi
Tony (mln) Kraj % Poprawnych
18,3 Chiny
100%
10,1 Indie
90%
2,5 Stany Zjednoczone
90%
1,3 Argentyna
80%
0,85 Brazylia
80%
0,67 Niger
80%
4,3 Nigeria
80%
0,83 Czad
70%
0,61 Ghana
60%
1,0 Gwinea
60%
1,5 Senegal
60%
2,5 Sudan
60%
0,71 Tanzania
60%
0,57 Republika Środkowoafrykańska
50%
1,7 Mjanma
30%
Nie znaleziono quizów pasujących do podanych kryteriów
Rozkład punktacji
Procent ludzi z każdym wynikiem
Percentyl według liczby udzielonych odpowiedzi
Twoja historia wyników
Nie rozwiązałeś tego quizu